000 nam a22 7a 4500
999 _c2267
_d2267
005 20170515165702.0
008 170515b1988 cau||||| |||| 00| 0 eng d
020 _a093196153X
040 _aAKMAL
082 _a384.6 SCO
090 _a384.6
_bSCO
245 _aThe Telephone and Time Management :
_bMaking It a Tool and Not a Tyrant /
_cDru Scott, Ph.D.
260 _aCalifornia
_bCrisp Publications, Inc.
300 _a71p
_ccm
942 _2ddc
_cBOOK